Miert? Hogyan? /

Uložené v:
Podrobná bibliografia
Hlavný autor: Galata, Jozef, 1942- (Author)
Ďalší autori: Fundárek, Magda, 1938-1996 (Translator), Cpin, Peter, 1947- (Illustrator)
Médium: Kniha
Jazyk:Hungarian
Slovak
Vydané: Bratislava : Madách, 1984.
Vydanie:1., magyar nyelvű kiad.
ISBN: (viaz.)
Fyzický popis: 74 s. : il.
Tagy: Pridať tag
Žiadne tagy, Buďte prvý kto otaguje tento záznam!

MARC

LEADER 00000nam a22000001 4500
001 000410321
005 20121115194911.0
008 020122s1984 xo e hun d
020 |a (viaz.)  |c Kčs 20,00 
040 |a SVKKK  |b slo  |c SVKKK  |e AACR2 
041 1 |a hun  |h slo 
044 |a xo  |c SK 
100 1 |a Galata, Jozef,  |d 1942-  |4 aut 
245 1 0 |a Miert? Hogyan? /  |c Jozef Galata ; ford. Magda Fundárek ; ilustr. Peter Cpin. 
250 |a 1., magyar nyelvű kiad. 
260 |a Bratislava :  |b Madách,  |c 1984. 
300 |a 74 s. :  |b il. 
500 |a Orig.: Čo je prečo tak 
700 1 |a Fundárek, Magda,  |d 1938-1996.  |4 trl 
700 1 |a Cpin, Peter,  |d 1947-  |4 ill 
910 |a svkkk 
998 |a BK 
090 |g SCKHL  |k Sklad Pribinova prízemie  |a IV.122937  |j 699659  |i B273280  |s Absenčne